ESTIMATING, COSTING AND VALUATION : PROFFESSIONAL PRACTICE AND QUANTITY SURVEYING (Record no. 296210)

MARC details
000 -LEADER
fixed length control field 005730000a22002050004500
082 ## - DEWEY DECIMAL CLASSIFICATION NUMBER
Classification number 338.13 RAN/ES
100 ## - MAIN ENTRY--PERSONAL NAME
Personal name RANGWALA, S C
Date of a work Author
245 ## - TITLE STATEMENT
Title ESTIMATING, COSTING AND VALUATION : PROFFESSIONAL PRACTICE AND QUANTITY SURVEYING
250 ## - EDITION STATEMENT
Edition statement 13
260 ## - PUBLICATION, DISTRIBUTION, ETC. (IMPRINT)
Place of publication, distribution, etc. GUJARAT, CHAROTAR PUBLISHING HOUSE
260 ## - PUBLICATION, DISTRIBUTION, ETC. (IMPRINT)
Date of publication, distribution, etc. 2011
300 ## - PHYSICAL DESCRIPTION
Extent pages 738
650 ## - SUBJECT ADDED ENTRY--TOPICAL TERM
Topical term or geographic name as entry element APPROXIMATE ESTIMATING AND COSTING
650 ## - SUBJECT ADDED ENTRY--TOPICAL TERM
Topical term or geographic name as entry element ARBITRATION
650 ## - SUBJECT ADDED ENTRY--TOPICAL TERM
Topical term or geographic name as entry element CONDITIONS OF CONTRACT
650 ## - SUBJECT ADDED ENTRY--TOPICAL TERM
Topical term or geographic name as entry element CONTRACTS AND TRENERS
650 ## - SUBJECT ADDED ENTRY--TOPICAL TERM
Topical term or geographic name as entry element SPECIFICATIONS
650 ## - SUBJECT ADDED ENTRY--TOPICAL TERM
Topical term or geographic name as entry element VALUATIONS
942 ## - ADDED ENTRY ELEMENTS (KOHA)
Koha item type Books (General)
Holdings
Withdrawn status Lost status Damaged status Not for loan Home library Current library Date acquired Total Checkouts Full call number Barcode Date last seen Price effective from Koha item type
        College of Agriculture, Padannakkad College of Agriculture, Padannakkad 24/07/2013   338.13 RAN/ES KAU_COAP-06410 28/10/2019 24/07/2013 Books (General)
        College of Agriculture, Padannakkad College of Agriculture, Padannakkad 22/02/2016   338.13 RAN/ES KAU_COAP-07772 22/02/2016 22/02/2016 Books (General)
Kerala Agricultural University Central Library
Thrissur-(Dt.), Kerala Pin:- 680656, India
Ph : (+91)(487) 2372219
E-mail: librarian@kau.in
Website: http://library.kau.in/